MCU characters - Statistics

General Stats
  • This quiz has been taken 38 times
  • The average score is 28 of 101
Answer Stats
Answer % Correct
iron man
97%
hulk
88%
black widow
84%
thor
84%
captain america
81%
spider man
78%
hawkeye
72%
loki
72%
thanos
72%
doc oc
69%
falcon
66%
doctor strange
63%
gamora
63%
ultron
63%
black panther
59%
fury
56%
rocket
56%
vision
56%
wanda
56%
winter soldier
56%
captain marvel
53%
groot
53%
star lord
50%
quicksilver
47%
venom
47%
war machine
47%
shuri
44%
okoye
41%
ronan
41%
green goblin
38%
nebula
38%
pepper potts
38%
she hulk
38%
jane foster
34%
wolverine
34%
deadpool
31%
moonknight
31%
sandman
31%
daredevil
28%
electro
28%
happy hogan
28%
wong
28%
killmonger
25%
lizard
25%
mj
25%
ms marvel
25%
ned leeds
25%
ross
25%
yondu
25%
gilgamesh
22%
ikaris
22%
iron monger
22%
redskull
22%
sprite
22%
aunt may
19%
thena
19%
yelena
19%
ajak
16%
druig
16%
kate bishop
16%
kingpin
16%
korg
16%
makkari
16%
sersi
16%
whiplash
16%
alexi
13%
taskmaster
13%
howard the duck
9%
kang
9%
kingo
9%
melina
9%
phastos
9%
blade
6%
korath
6%
talos
6%
john walker
3%
minn erva
3%
peter 2
3%
peter 3
3%
supreme intelligence
3%
yon rogg
3%
zeus
3%
billy
0%
classic loki
0%
crocodile loki
0%
dane whitman
0%
eros
0%
heimdell
0%
jake
0%
karun
0%
K.E.V.I.N
0%
kid loki
0%
layla
0%
mark
0%
morgan stark
0%
ms minutes
0%
pip the troll
0%
silvie
0%
steven
0%
tommy
0%
valkerie
0%
No matching quizzes found
Score Distribution
Percent of People with Each Score
Percentile by Number Answered
Your Score History
You have not taken this quiz